000 00599nam a2200217Ia 4500
005 20241129105802.0
008 241129s9999||||xx |||||||||||||| ||und||
020 _a978-93-90412-07-5
037 _aTB
040 _aARTS
_beng
_cARTS
041 _aeng
_2eng
084 _aY72.29W R2
_qARTS
100 _aGupta Ram Das Au.
_9724737
245 0 _aTribes situation in Northeast India
_cGupta Ram Das Au.
260 _aDelhi, India
_bVenus Publications
_c2022
300 _a286p.
365 _aINR
_b1900
650 _aSociology
942 _cTB
_hY72.29W R2
999 _c1225932
_d1225932